論語の各篇 - Statistics

General Stats
  • This quiz has been taken 5 times
  • The average score is 2 of 20
Answer Stats
Answer % Correct
学而
80%
為政
40%
八佾
20%
顔淵
20%
子路
20%
里仁
0%
公冶長
0%
雍也
0%
述而
0%
泰伯
0%
子罕
0%
郷党
0%
先進
0%
憲問
0%
衛霊公
0%
季氏
0%
陽貨
0%
微子
0%
子張
0%
堯曰
0%
No matching quizzes found
Score Distribution
Percent of People with Each Score
Percentile by Number Answered
Your Score History
You have not taken this quiz